Statistics for India Cities Map Quiz

Click here to take the quiz!

General Stats

  • This quiz has been taken 42,445 times
  • The average score is 8 of 12

Answers on the Map

Answers color-coded by a green-red scale on the quiz's map according to % correct below.
Loading ...
 

Answer Stats

Answer% Correct
Delhi
85%
Mumbai
84%
Kolkata
76%
Port Blair
69%
Chennai
66%
Hyderabad
63%
Bangalore
60%
Ahmedabad
55%
Amritsar
54%
Lucknow
51%
Patna
48%
Trivandrum
48%

Score Distribution

Percentile by Number Answered

Percent of People with Each Score

Your Score History

You have not taken this quiz